مكتبة جامعة عجلون الوطنية

فهرس بحث المكتبة

Normal view MARC view
  • القومية العربية

Entry Topical Term

Number of records used in: 1

001 - CONTROL NUMBER

  • control field: 57766

003 - CONTROL NUMBER IDENTIFIER

  • control field: JO-AjAnu

005 - DATE AND TIME OF LATEST TRANSACTION

  • control field: 20230606083446.0

008 - FIXED-LENGTH DATA ELEMENTS

  • fixed length control field: 230606|| aca||aabn | a|a d

040 ## - CATALOGING SOURCE

  • Original cataloging agency: JO-AjAnu
  • Transcribing agency: JO-AjAnu

150 ## - HEADING--TOPICAL TERM

  • Topical term or geographic name entry element: القومية العربية

670 ## - SOURCE DATA FOUND

  • Source citation: Work cat.: (JO-AjAnu)29473: النسيبة، حازم زكي؛ زريق، قسطنطين تقديم؛ شرارة، عبد اللطيف ترجمة، دجاني، برهان مراجعة, author 57765, القومية العربية: فكرتها - نشأتها - تطورها